FAO fisheries report N.541, supplement: Report of the symposium on social, economic and management aspect of recreational fisheries, hed in connection with the European Inland Fisheries Advisory Commission nineteenth session, held at Dublin, Ireland, 11-19 June 1996
Đã lưu trong:
| 主要作者: | |
|---|---|
| 格式: | 图书 |
| 语言: | Undetermined |
| 出版: |
Rome
FAO
1997
|
| 主题: | |
| 标签: |
添加标签
没有标签, 成为第一个标记此记录!
|
| Thư viện lưu trữ: | Trung tâm Học liệu Trường Đại học Cần Thơ |
|---|
| LEADER | 00704nam a2200181Ia 4500 | ||
|---|---|---|---|
| 001 | CTU_16625 | ||
| 008 | 210402s9999 xx 000 0 und d | ||
| 082 | |a 639 | ||
| 082 | |b R425/N541sup | ||
| 100 | |a EIFAC | ||
| 245 | 0 | |a FAO fisheries report N.541, supplement: Report of the symposium on social, economic and management aspect of recreational fisheries, hed in connection with the European Inland Fisheries Advisory Commission nineteenth session, held at Dublin, Ireland, 11-19 June 1996 | |
| 245 | 0 | |c EIFAC, FAO | |
| 260 | |a Rome | ||
| 260 | |b FAO | ||
| 260 | |c 1997 | ||
| 650 | |a fisheries | ||
| 904 | |i Nguyễn Quang Điền, 970530 | ||
| 980 | |a Trung tâm Học liệu Trường Đại học Cần Thơ | ||